| 000 | 00580nam a22002414a 4500 | ||
|---|---|---|---|
| 001 | UByD003251 | ||
| 003 | AR-LpoUNG | ||
| 005 | 20240927134008.0 | ||
| 008 | 240927s2015 ag g| 000 p spa d | ||
| 020 | _a9789873728198 | ||
| 040 |
_aAR-LpoUNG _bspa _cAR-LpoUNG _espa |
||
| 041 | 0 | _aspa | |
| 082 | 0 | _aA861 62juv | |
| 100 | 1 | _aBlatt, Mariano | |
| 245 | 1 | 3 | _aMi juventud unida |
| 250 | _a1ra. ed. | ||
| 260 |
_aBuenos Aires : _bMansalva, _c2015. |
||
| 300 | _a248 p. | ||
| 650 | 4 | _aLITERATURA | |
| 650 | 4 | _aPOESIA | |
| 653 | 0 | _aLITERATURA ARGENTINA | |
| 942 |
_2ddc _cLIB |
||
| 999 |
_c65901 _d65901 |
||